书目信息 |
| 题名: |
创业学什么
|
|
| 作者: | 朱燕空 , 祁明德 , 罗美娟 主编 | |
| 分册: | ||
| 出版信息: | 北京 国家行政学院出版社 2018 |
|
| 页数: | 206页 | |
| 开本: | 19x24cm | |
| 丛书名: | 创新创业教育系列丛书 | |
| 单 册: | ||
| 中图分类: | F241.4 | |
| 科图分类: | ||
| 主题词: | 创业--chuang ye--研究 | |
| 电子资源: | ||
| ISBN: | 978-7-5150-2151-5 | |
| 000 | 01148nam 2200313 450 | |
| 001 | 012001002767 | |
| 005 | 20191029162423.09 | |
| 010 | @a978-7-5150-2151-5@dCNY56.00 | |
| 099 | @aCAL 012019058755 | |
| 100 | @a20190221d2018 em y0chiy50 ea | |
| 101 | 0 | @achi |
| 102 | @aCN@b110000 | |
| 105 | @aa z 000yy | |
| 106 | @ar | |
| 200 | 1 | @a创业学什么@Achuang ye xue shen me@e人生方向设计、思维与方法论@f朱燕空, 祁明德, 罗美娟主编 |
| 205 | @a第2版 | |
| 210 | @a北京@c国家行政学院出版社@d2018 | |
| 215 | @a206页@c图@d19x24cm | |
| 225 | 2 | @a创新创业教育系列丛书@Achuang xin chuang ye jiao yu xi lie cong shu |
| 300 | @a2018年度国家出版基金资助项目 国家出版基金项目 | |
| 330 | @a本书内容包括“创业与人生”“创业思维”“自我认知与有价值想法的产生”“创业团队”“设计思维框架”“问题探索”“用户测试”“商业模式”“商业区呈现”十章。 | |
| 410 | 0 | @12001 @a创新创业教育系列丛书 |
| 606 | 0 | @a创业@Achuang ye@x研究 |
| 690 | @aF241.4@v5 | |
| 701 | 0 | @a朱燕空@Azhu yan kong@4主编 |
| 701 | 0 | @a祁明德@Aqi ming de@4主编 |
| 701 | 0 | @a罗美娟@Aluo mei juan@4主编 |
| 801 | 0 | @aCN@b江苏凤凰@c20191020 |
| 905 | @b1216364-7@dF241.4@e154=2@f4 | |
| 创业学什么:人生方向设计、思维与方法论/朱燕空, 祁明德, 罗美娟主编.-第2版.-北京:国家行政学院出版社,2018 |
| 206页:图;19x24cm.-(创新创业教育系列丛书) |
| 2018年度国家出版基金资助项目 国家出版基金项目 |
| ISBN 978-7-5150-2151-5:CNY56.00 |
| 本书内容包括“创业与人生”“创业思维”“自我认知与有价值想法的产生”“创业团队”“设计思维框架”“问题探索”“用户测试”“商业模式”“商业区呈现”十章。 |
| ● |
| 相关链接 |
|
|
|
|
正题名:创业学什么
索取号:F241.4/154=2
 
预约/预借
| 序号 | 登录号 | 条形码 | 馆藏地/架位号 | 状态 | 备注 |
| 1 | 1216364 | 212163647 | 第一样本阅览室/ [索取号:F241.4/154=2] | 在馆 | |
| 2 | 1216365 | 212163656 | 教育系资料室/ [索取号:F241.4/154=2] | 在馆 | |
| 3 | 1216366 | 212163665 | 教育系资料室/ [索取号:F241.4/154=2] | 在馆 | |
| 4 | 1216367 | 212163674 | 第一借阅区/ [索取号:F241.4/154=2] | 在馆 |